000 00430nam a22001697a 4500
005 20180201140642.0
008 160429b xxu||||| |||| 00| 0 eng d
020 _a81-7722273-2
041 _aeng
082 _b00793
_a004
100 _aCulp, Brian
_9107
245 _aPassport: MCSE/MCSA Windows XP Professional
260 _aNew Delhi
_bDreamtech,
_c2002
300 _a451
650 _aInformation Technology
_9137
942 _cBK
999 _c261
_d261